000 00278nam a2200121Ia 4500
008 190216s9999||||xx |||||||||||||| ||und||
100 _aRandhawan D H
245 0 _aFlowerin Trees
260 _bNational Book Trust India
_c1965
300 _a176p
650 _aBotany
942 _cBK
999 _c1051
_d1051